NATO Members Quiz Stats

 Plays Quiz Updated Jul 6, 2018

Challenge
Share
Tweet
Embed
Score 0/29 Timer 05:00
5 Plays Today
% Correct
Germany
94.4%
France
93.5%
Italy
90.4%
United Kingdom
90.3%
United States
89.7%
Canada
89.4%
Denmark
89.3%
Belgium
89.1%
Spain
87.8%
Netherlands
86.6%
Portugal
84%
Greece
82.7%
Poland
80.6%
Norway
80.1%
Iceland
75.4%
% Correct
Lithuania
71.1%
Luxembourg
70.8%
Hungary
70.6%
Estonia
70%
Latvia
69.3%
Czechia
68%
Croatia
64.7%
Turkey
64.2%
Slovakia
61.5%
Slovenia
58.5%
Romania
55.5%
Bulgaria
51.5%
Albania
40.2%
Montenegro
34.4%

You're not logged in!

Compare scores with friends on all Sporcle quizzes.
Join for Free
OR
Log In

You Might Also Like...

Show Comments

Extras

Top Quizzes Today


Score Distribution

Your Account Isn't Verified!

In order to create a playlist on Sporcle, you need to verify the email address you used during registration. Go to your Sporcle Settings to finish the process.

Report this User

Report this user for behavior that violates our Community Guidelines.

Details: